00853nam a2200193 i 4500001000700000003000900007005001700016007000300033008004100036100003600077245019700113260008500310300002200395651003000417710003900447852003200486999001900518952012200537144020ES-MaACL20230906200927.0t|070214s1947 sp r ||||1| spa d1 aSimón Díaz, José.910654410aManuscritos y documentos relativos a Vizcaya / cJosé Simón Díaz.n, . I, p(Archivo Histórico Nacional, Biblioteca Nacional, de la Academia de la Historia y de Palacio y Museo Naval). aMadrid : bJunta de Cultura de la... Diputación de Vizcaya, c1947 (fAguirre) a127 p. ; c25 cm. 4aVizcaya-xHistoria.995422 aJunta de Cultura de Vizcaya.95386 aES-MaACLjC-42684 bR.89231 c144020d144020 00104070aATENEOMbATENEOMcDEPO2d2008-01-17eSCl0oC-42684p1149843r2023-02-23 00:00:00w2023-02-23yMONOGRAFIA